000 00329nam a2200133 i 4500
001 bg
100 1 _aSTRICHA, N.
245 0 _aTeoreticeskie osnovy raboty kontrakta metall-poluprovodnik /
_cN. Stricha.
260 _aKiev,
_c1974.
040 _cBPK
041 _apol
942 _cKS
008 s pl f |000 0 pol
999 _c26200
_d26200
856 _uhttp://koha.tu.koszalin.pl/cgi-bin/koha/opac-detail.pl?biblionumber=26200
_yKatalog online BPK